Văn hóa dân gian một số tộc người

Giới thiệu về lịch sử một số tộc người, văn hoá vật chất, tinh thần của người Tày ở Cao Bằng, người Cơ Lao Trắng ở huyện Đồng Văn, người Mảng ở Nậm Ban, người Pako ở huyện Hướng Hoá và Dakrông tỉnh....

詳細記述

保存先:
書誌詳細
フォーマット: 図書
言語:Undetermined
出版事項: Hà Nội Văn hóa dân tộc 2012
主題:
タグ: タグ追加
タグなし, このレコードへの初めてのタグを付けませんか!
Thư viện lưu trữ: Trung tâm Học liệu Trường Đại học Cần Thơ
LEADER 00889nam a2200181Ia 4500
001 CTU_189241
008 210402s9999 xx 000 0 und d
082 |a 305.8009597 
082 |b H452 
245 0 |a Văn hóa dân gian một số tộc người 
245 0 |c Nhiều tác giả 
260 |a Hà Nội 
260 |b Văn hóa dân tộc 
260 |c 2012 
520 |a Giới thiệu về lịch sử một số tộc người, văn hoá vật chất, tinh thần của người Tày ở Cao Bằng, người Cơ Lao Trắng ở huyện Đồng Văn, người Mảng ở Nậm Ban, người Pako ở huyện Hướng Hoá và Dakrông tỉnh. 
650 |a Folklore, vietnamese,Văn hóa dân gian Việt Nam 
904 |i Giang 
980 |a Trung tâm Học liệu Trường Đại học Cần Thơ